000 00662nam a22002537a 4500
003 UA-OsUOA
001 26304
007 ta
008 20040526b un ||||| |||| 00| 0 ukr d
100 _aЛаричев П.А.
090 _a51
_bЛ25
942 _cBK
040 _aUA-OsUOA
_brus
_cUA-OsUOA
_dUA-OsUOA
245 _aАлгебра
_bСборник задач для 8-10 классов средней школы
300 _a224 с.
_bІлюстрації
955 _a0
041 _arus
080 _a51
260 _aМосква
_bУЧПЕДГИЗ
_c1959
044 _aRU
250 _n10-е издание
650 7 _2UDC
999 _c312624
_d312624